سموم الأفلا Aflatoxins صفاتها .تراكبيها وآثارها الضارة / (رقم التسجيلة. 137357)

تفاصيل مارك
000 -LEADER
fixed length control field 00551nam a22001697a 4500
005 - DATE AND TIME OF LATEST TRANSACTION
control field 20251108175556.0
008 - FIXED-LENGTH DATA ELEMENTS--GENERAL INFORMATION
fixed length control field 250721s2008 xx 000 0 ara d
082 14 - DEWEY DECIMAL CLASSIFICATION NUMBER
Classification number 615.9/إبر
100 1# - MAIN ENTRY--PERSONAL NAME
Personal name إبراهيم، إسماعيل خليل
245 10 - TITLE STATEMENT
Title سموم الأفلا Aflatoxins صفاتها .تراكبيها وآثارها الضارة /
264 1# - PRODUCTION, PUBLICATION, DISTRIBUTION, MANUFACTURE, AND COPYRIGHT NOTICE
Place of production, publication, distribution, manufacture بيروت :
Name of producer, publisher, distributor, manufacturer دار الكتب العلمية،
Date of production, publication, distribution, manufacture, or copyright notice 2008.
300 ## - PHYSICAL DESCRIPTION
Extent 174ص.
650 17 - SUBJECT ADDED ENTRY--TOPICAL TERM
Topical term or geographic name as entry element السموم
650 17 - SUBJECT ADDED ENTRY--TOPICAL TERM
Topical term or geographic name as entry element السموم الفطرية
942 ## - ADDED ENTRY ELEMENTS (KOHA)
Source of classification or shelving scheme Dewey Decimal Classification
Koha item type كتب
المقتنيات
حالة السحب حالة الفقدان مصدر التصنيف حالة التلف غير قابل للإعارة المكتبة الرئيسية المكتبة الحالية موقع الرف تاريخ التزويد الرقم المتسلسل Total Checkouts رقم الإستدعاء الباركود تاريخ آخر ظهور تاريخ الفاتورة نوع المادة (كوها)
    Dewey Decimal Classification     المكتبة المركزية المكتبة المركزية الإعارة 28/07/2025 1682793   615.9/إبر PLD00422739 28/07/2025 28/07/2025 كتب
    Dewey Decimal Classification     مكتبة أبو علندا العامة مكتبة أبو علندا العامة الإعارة 28/08/2018 1682797   615.9/إبر PLD00428608 28/07/2025 28/08/2018 كتب
    Dewey Decimal Classification     مكتبة أم قصير والمقابلين العامة مكتبة أم قصير والمقابلين العامة الإعارة 28/08/2018 1682796   615.9/إبر PLD00428607 28/07/2025 28/08/2018 كتب
    Dewey Decimal Classification     مكتبة الحسن العامة مكتبة الحسن العامة الإعارة 28/08/2018 1682795   615.9/إبر PLD00428606 28/07/2025 28/08/2018 كتب
    Dewey Decimal Classification     مكتبة صويلح العامة مكتبة صويلح العامة الإعارة 28/08/2018 1682794   615.9/إبر PLD00428605 28/07/2025 28/08/2018 كتب
Implemented & Customized by: BBB with SCIT (Smart Chains for Information Technology)

Powered by Koha